Регионална библиотека "Любен Каравелов" - Русе

Индустриална и екологична сигурност (Запис номер 99536)

MARC детайли
000 -Лидер
Контролно поле с фиксирана дължина 02128nam a2200409 c 4500
003 - Код на организацията, давaща контролен номер
Контролно поле BLK
005 - Дата и час на последна редакция
Контролно поле 20230128150158.0
008 - Елементи от данни с фиксирана дължина
fixed length control field 180409b bul|||||r ||||||| ||bul||
010 ## - Наследен системен номер
LC control number KNG00104544000
020 ## - Международен стандартен номер на книга ISBN
Международен стандартен номер на книга ISBN 954-715-147-9
-- издат.: Варненски свободен унив. Черноризец Храбър
040 ## - Източник на каталожния запис
Идентификатор на билиотеката - собственик на записа BLK
041 ## - Код за език
Код за езика на текст/звукозапис или на отделно заглавие Български
Код за езика КДБФ Български
080 ## - УДК
Текстов определител УДК Социална екология. Социално-икономически аспекти на влиянието на човека върху околната среда. Вж и 316.334.5; 502.3; 711
УДК код - определител по УДК 504.03
УДК определител (075.8)
УДК - код + определител 504.03(075.8)
080 ## - УДК
Текстов определител УДК Природа. Изучаване и опазване на природната среда. Опазване на растителния и животинския свят. Вж и 55/59
УДК код - определител по УДК 502
УДК определител (075.8)
УДК - код + определител 502(075.8)
100 1# - Редна дума - Автор
Автор Томов, Владимир
Авторска отговорност първи автор
Автор - информация (биография) Владимиров, Владимир Томов
R(LIN) 371939
139 ## - Редно поле
Редна дума Томов, Владимир
Авторски знак Томо - Т 70
245 10 - Сведения за заглавието
Заглавие Индустриална и екологична сигурност
Подзаглавни данни Учебник
Редно поле (дума) Владимир Томов.
257 ## - Страна на издаване
Страна на създаване/издаване България
260 ## - Област на издателските данни
-- Варна
Име на издателя, разпространителя и проч. Варненски свободен унив. Черноризец Храбър
Година на издаване 2002
Печатница София : Скала
300 ## - Физическа характеристика
Страници 224 с.
Илюстрации и др. с табл., сх.
Размери/Мащаб 23 см
380 ## - Жанр
Жанр Естествени науки. Математика
650 #4 - Допълнително описание по предмет – тема
Основно описание – тема или топоним Екология - икономически проблеми - учебници за ВУЗ
9 (RLIN) 255410
650 #4 - Допълнително описание по предмет – тема
Основно описание – тема или топоним Екология
9 (RLIN) 154468
650 #4 - Допълнително описание по предмет – тема
Основно описание – тема или топоним Околна среда - замърсяване и опазване
9 (RLIN) 281518
650 #4 - Допълнително описание по предмет – тема
Основно описание – тема или топоним Природа - защита
9 (RLIN) 244653
650 #4 - Допълнително описание по предмет – тема
Основно описание – тема или топоним Човек - връзка с околната среда
9 (RLIN) 251293
653 ## - Ключова дума – ненормативна
Ключова дума екология
653 ## - Ключова дума – ненормативна
Ключова дума учебници за ВУЗ
653 ## - Ключова дума – ненормативна
Ключова дума околна среда
653 ## - Ключова дума – ненормативна
Ключова дума замърсяване на околната среда
653 ## - Ключова дума – ненормативна
Ключова дума опазване на околната среда
852 ## - Местоположение
Форматна сигнатура Цб 213340
856 4# - Електронен адрес и достъп
Електронен формат pdf - файл
Път до файла /url/
856 4# - Електронен адрес и достъп
Електронен формат pdf - файл
Път до файла /url/
942 ## - АРТИКУЛИ
Вид на библиотечния материал Книги
Скрит в OPAC Не
Koha issues (borrowed), all copies 3
944 ## - СЪЗДАВАНЕ И РЕДАКЦИЯ на ЗАПИСА
Създаване/Редакция Създаване
Дата на регистрацията/редакция 01.01.2002
Служител, извършил регистрацията/редакцията Кети_Илиева
944 ## - СЪЗДАВАНЕ И РЕДАКЦИЯ на ЗАПИСА
Създаване/Редакция Редакция
Дата на регистрацията/редакция 24.10.2006
Служител, извършил регистрацията/редакцията
999 ## - СИСТЕМНИ КОНТРОЛНИ НОМЕРА
Koha biblionumber 99536
Koha biblioitemnumber 99536
Наличности
Код за отписване Код за изгубен артикул Източник на класификационната схема Код за повреда Коз за рестрикции Код за отдаване Артикулен № Име на библиотеката - собственик Име на библиотеката, в която се намира в момента Статус (Текущо местоположение) Дата на вписване в системата Местоположение - отдел Цена в лева Инвентарен номер Систематично азбучна сигнатура Баркод Номер на екземпляра Цена в евро Служебна бележка Служебен тип на артикула
  Не е изгубен Universal Decimal Classification Не е повреден без рестрикции заемане за дома 160342 Регионална библиотека "Любен Каравелов" Русе Регионална библиотека "Любен Каравелов" Русе Заемна - подръчен фонд 2002-12-05 Заемна - подръчен фонд 11.00 120000673652 П 504/Т 70 120000673652 1 5.62 Дост: Pk Вид: Ф N: 44 Дата: 04.12.2002 Дата инв: 08.02.2018 Бележки инв: П2018 Книги
  Не е изгубен   Не е повреден без рестрикции ползва се в читалня 160343 Регионална библиотека "Любен Каравелов" Русе Регионална библиотека "Любен Каравелов" Русе Читалня 2002-12-05 Читалня 11.00 120000673653 Ч 50/Т 70 120000673653 2 5.62 Дост: Pk Вид: Ф N: 44 Дата: 04.12.2002 Дата инв: 15.03.2017 Бележки инв: Ч2017 Книги
  Не е изгубен   Не е повреден без рестрикции ползва се в читалня 160344 Регионална библиотека "Любен Каравелов" Русе Регионална библиотека "Любен Каравелов" Русе Хранилище 2003-10-10 Хранилище 11.00 120000678974 Цб 213340 120000678974 3 5.62 Дост: Dp Вид: Д N: 41 Дата: 02.10.2002 Книги
Vip Innovations Ltd, Rousse, Bulgaria 2025